000 00908nam a2200277 i 4500
003 DO-SdBNP
005 20250714112319.0
007 ta
008 250714s1993 xxuo 000 0 spa d
040 _aDO-SdBNP
_bspa
_cBNPHU
_erda
041 _aeng
082 4 _axxxx
_bL533
_222
100 1 _aLeiva, Nicolas
_eautor
_4aut.
_987997
245 1 0 _a[Exposición de Nicolas Leiva] /
_cNicolas Leiva ; presentación Ricardo Pau-Llosa
264 _aMiami, Estados Unidos :
_bGary Nader,
_c[1993].
300 _a[38] páginas ;
_bfotografías
_c28 cm.
336 _atexto
_btxt
_2rdacontent
337 _asin mediación
_bn
_2rdamedia
338 _avolumen
_bnc
_2rdacarrier
500 _aIncluye datos biográficos del autor en las páginas [35-37].
500 _aLibro en ingles.
590 _aInventariado, 2025/ YL
700 _aLama, Luis
_973333
_epresentador
_4pr.
910 _aYLockward
942 _2ddc
_cLF2
999 _c59525
_d59525